| 000 | 00749nam a22002417a 4500 | ||
|---|---|---|---|
| 005 | 20130527111134.0 | ||
| 010 | _aENG-107247 | ||
| 020 |
_a9781259064906 _c295.00 |
||
| 020 |
_a1259064905 _c295.00 |
||
| 035 | _aEN-90780 | ||
| 037 | _bDBAD/PUB | ||
| 082 | _a539.754 | ||
| 100 | _aMoore, Thomas A. | ||
| 245 |
_aSix ideas that shaped physics / _cby Thomas A. Moore |
||
| 250 | _a2nd ed | ||
| 260 |
_aNew Delhi _bTata McGraw Hill _c2013 |
||
| 270 |
_aP-24, Green Park Park, Extention _bNew Delhi _e110095 |
||
| 300 |
_axviii, 285p.: _bill. _c28cm(pbk) |
||
| 500 | _aIncludes index | ||
| 505 | _aunit C :conservation laws constrain interactions / | ||
| 650 | _aConservation laws (Physics) | ||
| 942 |
_2ddc _cEN _h539.754 _mMOO |
||
| 999 |
_c75870 _d75870 |
||